|
|
|
|
| LEADER |
02694nam a22004935i 4500 |
| 001 |
978-3-642-17815-3 |
| 003 |
DE-He213 |
| 005 |
20150519190630.0 |
| 007 |
cr nn 008mamaa |
| 008 |
111216s2011 gw | s |||| 0|eng d |
| 020 |
|
|
|a 9783642178153
|9 978-3-642-17815-3
|
| 024 |
7 |
|
|a 10.1007/978-3-642-17815-3
|2 doi
|
| 040 |
|
|
|d GrThAP
|
| 050 |
|
4 |
|a QL461-599.82
|
| 072 |
|
7 |
|a PSVT7
|2 bicssc
|
| 072 |
|
7 |
|a SCI025000
|2 bisacsh
|
| 082 |
0 |
4 |
|a 595.7
|2 23
|
| 245 |
1 |
0 |
|a Recent Advances in Entomological Research
|h [electronic resource] :
|b From Molecular Biology to Pest Management /
|c edited by Tongxian Liu, Le Kang.
|
| 264 |
|
1 |
|a Berlin, Heidelberg :
|b Springer Berlin Heidelberg,
|c 2011.
|
| 300 |
|
|
|a XII, 500 p.
|b online resource.
|
| 336 |
|
|
|a text
|b txt
|2 rdacontent
|
| 337 |
|
|
|a computer
|b c
|2 rdamedia
|
| 338 |
|
|
|a online resource
|b cr
|2 rdacarrier
|
| 347 |
|
|
|a text file
|b PDF
|2 rda
|
| 505 |
0 |
|
|a Insect-Plant Interactions -- Molecular Biology, Physiology, Biology, Behavior and Ecology -- Insect Toxicology and Insecticide Resistance Management -- Emerging Pest Management Strategies and Technologies.
|
| 520 |
|
|
|a In recent years the field of entomology, due in part to the penetration of other disciplines, has made rapid progress. “Recent Advances in Entomological Research: From Molecular Biology to Pest Management” includes 25 chapters contributed by more than 40 distinguished entomologists and introduces the latest progress in entomology, from molecular biology, insect-plant interactions and insecticide toxicology, to emerging technologies in pest management. Not only is the book interesting and informative, but it provides useful, innovative research advances and will serve as a valuable resource for entomologists, zoologists, botanists and other researchers in the field of plant protection. Tong-Xian Liu is a professor of entomology at the College of Plant Protection, Northwest A&F University, China. Le Kang is a professor of entomology at the Institute of Zoology, Chinese Academy of Sciences, China.
|
| 650 |
|
0 |
|a Life sciences.
|
| 650 |
|
0 |
|a Agriculture.
|
| 650 |
|
0 |
|a Ecology.
|
| 650 |
|
0 |
|a Plant breeding.
|
| 650 |
|
0 |
|a Entomology.
|
| 650 |
1 |
4 |
|a Life Sciences.
|
| 650 |
2 |
4 |
|a Entomology.
|
| 650 |
2 |
4 |
|a Plant Breeding/Biotechnology.
|
| 650 |
2 |
4 |
|a Ecology.
|
| 650 |
2 |
4 |
|a Agriculture.
|
| 700 |
1 |
|
|a Liu, Tongxian.
|e editor.
|
| 700 |
1 |
|
|a Kang, Le.
|e editor.
|
| 710 |
2 |
|
|a SpringerLink (Online service)
|
| 773 |
0 |
|
|t Springer eBooks
|
| 776 |
0 |
8 |
|i Printed edition:
|z 9783642178146
|
| 856 |
4 |
0 |
|u http://dx.doi.org/10.1007/978-3-642-17815-3
|z Full Text via HEAL-Link
|
| 912 |
|
|
|a ZDB-2-SBL
|
| 950 |
|
|
|a Biomedical and Life Sciences (Springer-11642)
|